00712nam a2200241 a 4500001001300000003000900013005001700022008004100039020001000080082001600090100001700106245006200123260003400185300000900219500003500228505001300263650003100276700001700307902000800324942000700332952011600339999001500455nice12345678IN_TiNIC20260116012207.0050524s1973 beia grp 000 0 ara  ac10000a227.87bABD aAbdul, Masih aAl-Masih-Rais-Ul-Kohanat-Il-Azimb Commentary on Hebrews. aBeirutbMarkaz Shabibahc1973 a185p aincludes index and biblioraphy2 aAppendix aBible N.T. Epistles Hebrew1 aAbdul, Masih bSRS cBK 001040708StackRoom-aHMIbHMId2008-05-26g100.00l0o227.87 ABDp07310r2008-05-26v100.00w2005-05-24yBK c6023d6023